000 00573nam a2200181Ia 4500
008 151018s9999 xx 000 0 und d
082 _bRBASDV6647
_a891.463
100 _aज्योत्स्ना देवधर
245 _aचुकामुक
250 _b1
260 _bकेशरी प्रकाशन
_c1970
300 _a160
600 _aज्योत्स्ना देवधर
630 _aचुकामुक
700 _aज्योत्स्ना देवधर
730 _aचुकामुक
942 _cBOOK
999 _c1009021
_d1009018